000
00356nam a2200145 a 4500
005
20140414132107.0
008
100906s19uu xx 00 eng d
050
_a
M 745
_b
Sm1 2009
100
_a
245
_a
Smart kids activity.
260
_a
London :
_b
Priddy books,
_c
2004.
440
_a
Extreme animals
650
_a
Art activity
999
_c
114624
_d
114624